000 00566nam a2200193Ia 4500
008 220216s9999 xx 000 0 und d
100 _aMaity M
245 0 _aPolyblend systems of polyurethane rubber and silicone rubber in the presence of silane grafting agent
260 _bJournal of Elastomers and Plastics
_c2001
300 _a211-224
650 _aGrafting agent
650 _aInterchain crosslinking
650 _aPhase morphology
650 _aPolyurethane
650 _aSilicone rubber
700 _aDas C K
700 _aKhatua B B
942 _cJS
999 _c65233
_d65233